Normal view MARC view

Entry Nombre personal

Number of records used in: 2

001 - NÚMERO DE CONTROL

  • campo de control: 32387

003 - IDENTIFICADOR DE NÚMERO DE CONTROL

  • campo de control: SpMaBN

005 - FECHA Y HORA DE LA ÚLTIMA TRANSACCIÓN

  • campo de control: 20250801061514.0

008 - ELEMENTOS DE DATO DE LONGITUD-FIJA

  • campo de control de longitud fija: 901120n| aijnnaabn a aaa

016 ## - NÚMERO DE CONTROL DE UNA AGENCIA BIBLIOGRÁFICA NACIONAL

  • Número de control del registro: BNE19900677459

024 7# - IDENTIFICADOR DE OTROS ESTÁNDARES

  • Número estándar o código: http://viaf.org/viaf/19693818/
  • Fuente: viaf

024 7# - IDENTIFICADOR DE OTROS ESTÁNDARES

  • Número estándar o código: https://isni.org/isni/0000000108762171
  • Fuente: isni

024 7# - IDENTIFICADOR DE OTROS ESTÁNDARES

  • Número estándar o código: http://www.wikidata.org/entity/Q75180465
  • Fuente: wikidata

040 ## - FUENTE DE CATALOGACIÓN

  • Centro catalogador/agencia de origen: SpMaBN
  • Lengua de catalogación: spa
  • Centro/agencia transcriptor: SpMaBN
  • Normas de descripción: rdc
  • Convención/Normas de encabezamiento de materia/tesauro: embne

046 ## - FECHAS CON CODIFICACIÓN ESPECIAL

  • Fecha de nacimiento: 1917
  • Fecha de la muerte: 2006

100 1# - ENCABEZAMIENTO-NOMBRE DE PERSONA

  • Nombre de persona: Bueno, Salvador,
  • Fechas asociadas al nombre: 1917-2006

375 ## - GÉNERO/SEXO

  • Género: Masculino

377 ## - IDIOMA ASOCIADO

  • Código del idioma: spa
  • Término de lengua/lenguaje: Español

400 1# - TRAZADO DE VÉASE--NOMBRE DE PERSONA

  • Nombre de persona: Bueno Menéndez, Salvador,
  • Fechas asociadas al nombre: 1917-2006

670 ## - FUENTE DE DATOS ENCONTRADOS

  • Cita de la fuente: Costumbristas cubanos del siglo XIX, 1985
  • Información encontrada: (selección, prólogo, cronología y bibliografía, Salvador Bueno)

670 ## - FUENTE DE DATOS ENCONTRADOS

  • Cita de la fuente: Martí por Martí, 2003
  • Información encontrada: port. (Salvador Bueno Menéndez)

670 ## - FUENTE DE DATOS ENCONTRADOS

  • Cita de la fuente: El País, 27-10-2006
  • Información encontrada: (Salvador Bueno; n. 18-10-1917, Cuba, m. 22-10-2006, La Habana, Cuba; escritor y ensayista cubano, fue presidente de la Academia Cubana de la Lengua)